El mejor truco del abuelo / (Record no. 89534)

MARC details
000 -CABECERA
campo de control de longitud fija 00629nam a22001933a 4500
005 - FECHA Y HORA DE LA ÚLTIMA TRANSACCIÓN
campo de control 20210223124608.0
008 - ELEMENTOS DE LONGITUD FIJA--INFORMACIÓN GENERAL
campo de control de longitud fija 010531m19931998mx r 000 0 spa d
020 ## - NÚMERO INTERNACIONAL NORMALIZADO PARA LIBROS
Número Internacional Estándar del Libro 9681640322
035 ## - NÚMERO DE CONTROL DEL SISTEMA
Número de control de sistema UPN01000116892
049 ## - COLECCIÓN
Colección I
050 #4 - SIGNATURA TOPOGRÁFICA DE LA BIBLIOTECA DEL CONGRESO
Número de clasificación BF723 D3
Número de documento/Ítem H6.58
100 1# - ASIENTO PRINCIPAL--NOMBRE PERSONAL
Nombre de persona Holden, L. Dwight
245 13 - MENCIÓN DE TÍTULO
Título El mejor truco del abuelo /
Mención de responsabilidad, etc. L. Dwight Holden ; il. de Michael Chesworth ; tr. de Laureana López Ramírez.
260 ## - PUBLICACIÓN, DISTRIBUCIÓN, ETC.
Lugar de publicación, distribución, etc. México :
Nombre del editor, distribuidor, etc. FCE,
Fecha de publicación, distribución, etc. 1993 (1998 impr.).
300 ## - DESCRIPCIÓN FÍSICA
Extensión [46] p. :
Otras características físicas il.
440 #4 - MENCIÓN DE SERIE/ASIENTO SECUNDARIO--TÍTULO
Título Los especiales de A la orilla del viento
650 #4 - ASIENTO SECUNDARIO DE MATERIA - TERMINO TEMATICO
Término de materia o nombre geográfico como elemento de entrada NIÑOS Y MUERTE -
Subdivisión de forma LITERATURA JUVENIL
9 (RLIN) 10006
905 ## - TIPO DE MATERIAL
Tipo de material Infantil
Holdings
Estado de retiro Estado de pérdida Fuente del sistema de clasificación o colocación Estado dañado No para préstamo Código de colección Localización permanente Ubicación/localización actual Ubicación en estantería Fecha de adquisición Total de préstamos Clasificación Código de barras Fecha visto por última vez Fecha del último préstamo Número de copia Tipo de ítem Koha
    Library of Congress Classification     Infantil Bib. Gregorio Torres Quintero Bib. Gregorio Torres Quintero Sala infantil Planta baja 20/01/2023 9 BF723 D3 H6.58 184995 31/03/2023 16/03/2023 1 Libro
    Library of Congress Classification     Infantil Bib. Gregorio Torres Quintero Bib. Gregorio Torres Quintero Sala infantil Planta baja 20/01/2023 6 BF723 D3 H6.58 304971 22/03/2023 21/03/2023 1 Libro